000 00812cab a2200265 4500
001 ABS68519
008 041223n2004 000 0 eng u
035 _a(Sirsi) u128431
245 _aRegional survey: Staffordshire and Shropshire
260 _c2004
490 _aProperty Week
_v69(48) 26 November 2004, 59-70(7)
590 _aABS
650 _aSTAFFORDSHIRE
650 _aSHROPSHIRE
650 _aINDUSTRIAL MARKET
650 _aTELFORD
650 _aHANLEY
650 _aREGENERATION
650 _aPROPERTY-COMMERCIAL PROPERTY-RETAIL PROPERTY-RETAIL PROPERTY MARKET
650 _aSTOKE-ON-TRENT
650 _aPROPERTY-COMMERCIAL PROPERTY-OFFICE PROPERTY-OFFICE PROPERTY MARKET
650 _aSHREWSBURY
690 _aPROPERTY-COMMERCIAL PROPERTY-COMMERCIAL PROPERTY MARKET
942 _n0
999 _c74699
_d74699